Strzelcy bramek w 1 kolejce Ekstraklasy 2020/21 - Statystyki

Ogólne statystyki
  • Ten quiz został rozwiązany 25 razy
  • Średni wynik to 10 z 22
Statystyki odpowiedzi
Hint Odpowiedź % Poprawnych
Zagłebie Lubin - Lech Poznań 0:1 Ishak
90%
Górnik Zabrze - Podbeskidzie 1:0 Jimenez
70%
Górnik Zabrze - Podbeskidzie 2:0 Jimenez
70%
Górnik Zabrze - Podbeskidzie 4:2 Jimenez
70%
Raków Częstochowa - Legia Warszawa 0:1 Pekhart
70%
Raków Częstochowa - Legia Warszawa 1:2 Pekhart
70%
Cracovia - Pogoń Szczecin 1:1 Alvarez
60%
Warta Poznań - Lechia Gdańsk 0:1 Zwoliński
55%
Zagłębie Lubin - Lech Poznań 1:1 Guldan
45%
Jagiellonia Białystok - Wisła Kraków 1:1 Błaszczykowski
40%
Wisła Płock - Stal Mielec 1:1 Szwoch
40%
Górnik Zabrze - Podbeskidzie 3:1 Biliński
35%
Górnik Zabrze - Podbeskidzie 3:2 Biliński
35%
Cracovia - Pogoń Szczecin 2:1 Hanca
35%
Jagiellonia Białystok - Wisła Kraków 1:0 Makuszewski
35%
Żaglebie Lubin - Lech Poznań 2:1 Balic
30%
Górnik Zabrze - Podbeskidzie 3:0 Krawczyk
30%
Śląsk Wrocław - Piast Gliwice 1:0 Piasecki
30%
Śląsk Wrocław - Piast Gliwice 2:0 Celeban
25%
Raków Częstochowa - Legia Warszawa 1:1 Kun
25%
Wisła Płock - Stal Mielec 0:1 Prokić
20%
Cracovia - Pogoń Szczecin 0:1 Frąszczak
0%
Nie znaleziono quizów pasujących do podanych kryteriów
Rozkład punktacji
Procent ludzi z każdym wynikiem
Percentyl według liczby udzielonych odpowiedzi
Twoja historia wyników
Nie rozwiązałeś tego quizu